| 000 | 00529nam a2200133Ia 4500 | ||
|---|---|---|---|
| 008 | 220615s9999||||xx |||||||||||||| ||und|| | ||
| 100 | _aRevoltella, Debora||Kalantzis, Fotios | ||
| 245 | 0 | _aEIB Working Papers 2019/02 - How energy audits promote SMEs’ energy efficiency investment (Volume 2019/2) | |
| 546 | _aEnglish[eng] | ||
| 650 | _aBusiness & Economics||Finance||General | ||
| 700 | _aEuropean Investment Bank | ||
| 856 | _uhttps://library.oapen.org/bitstream/20.500.12657/43411/1/external_content.pdf | ||
| 942 | _cEB | ||
| 999 |
_c17627 _d17627 |
||